01664cam a22004097a 4500003000500000005001700005008004100022010001000063011001000073035001000083040000900093082001700102100003300119245009900152260005700251300002800308500014700336500004600483590004100529590004100570590004100611590004100652590004100693590004100734590004200775650003200817650003500849650004500884650003500929700003800964710003201002901000701034942001001041949005701051999001701108952012901125CHAP20220817043409.0971013s1991 mx a r 00010 eng d a74335 a75307 a84867 cCHAP04a631.7063bS500aPalerm, Juan Vicente.98491912aA binational system of agricultural productionb: the case of the mexican Bajio and California aZinacantepec, Méx. :bEl Colegio Mexiquense,c1991 a81 h.b; mapa ; gráf. aArtículo aparecido en : Simposio sobre Sistemas Hidráulicos, Modernización de la Agricultura y Migración (1991 : Zinacantepec, Méx.) aEncuadernado con otros impresos similares aBATCH-UPDb10c20130109lUCH01h2331 aBATCH-UPDb10c20130110lUCH01h0142 aBATCH-UPDb10c20130110lUCH01h2226 aBATCH-UPDb10c20130409lUCH01h1857 aBATCH-UPDb10c20130410lUCH01h1522 aBATCH-UPDb10c20130913lUCH01h2022 aCONVERSIONb10c20130109lUCH01h134114aAgriculturaxBajío.9131814aAgriculturaxCalifornia.9134714aAgriculturaxTrabajadoresxMexico.9186714aCapital en agricultura.9187100 aUrquiola, José Ignacio.91169850 aUniversidad Iberoamericana. aBK cLIBRO a631.7063 S5bBCcCONGd-40429eCONGh86947i84867si c74335d74335 00102ddc4051708CONGaBCbBCcPA_CONGd2019-12-31fLIBROl0o631.7063 S5p-40429r2019-12-31 00:00:00w2019-12-31yLIBRO